000 00463nam a2200169 a 4500
005 20210219150547.0
008 991125s1955 mx 000 0 spa u
035 _aUPN01000016526
049 _aCE
050 4 _aBX1965
_bD63 1955
245 0 0 _aDoctrina cristiana :
_bcurso medio /
_cpor F. T. D.
260 _aMéxico :
_bProgreso,
_c1955.
300 _a176 p. :
_bil.
440 0 _aF. T. D.
650 4 _aIGLESIA CATOLICA -
_xCATECISMOS Y CREDOS
905 _aLibro
999 _c16526
_d16526